000 00847nam a22002412 4500
001 0000003603
005 20151217154341.0
008 070510s xx 000 0 eng d
020 _a0821327453 :
040 _aKABU
_cKABU
050 0 _aLB2341
_b.H54
245 1 0 _aHigher education :
_bthe lesson of experience.
260 _aWashington, DC :
_bthe World Bank,
_cc1994.
300 _ax, 105 p. ;
_c23 cm.
440 0 _aDevelopment in practice
_@0000153628
650 0 _aEducation, Higher
_xFinance
_xCase studies.
_@0000153629
650 0 _aEducation, Higher
_xEconomic aspects
_xCase studies.
_@0000153630
650 0 _aEducational change
_xCase studies.
_@0000153631
710 2 _aInternational Bank for Reconstruction and Development.
_@0000153632
908 _a070510
950 _@1
999 _c10688
_d10688